Tokoh-tokoh politik

Bibliographic Details
Main Author: Siti Mariam Daud
Other Authors: Sulaiman Zakaria
Format: Book
Published: Kuala Lumpur : Jade Green Publications , 1996
Series:Siri Pejuang dan Pembina Negara
Subjects:

MARC

LEADER 00000cam a2200000 7i4500
001 0000009040
002 000009850
005 20000330.0
020 |a 9839293079 
090 0 0 |a 920   |b SIT 
100 0 |a Siti Mariam Daud 
245 1 0 |a Tokoh-tokoh politik   |c Siti Mariam Daud & Sulaiman Zakaria 
260 |a Kuala Lumpur :   |b Jade Green Publications ,   |c 1996 
300 |a 58 p. :   |b ill. ;   |c 17 cm. 
490 0 |a Siri Pejuang dan Pembina Negara 
650 0 0 |a Politician   |z Malaysia   |x Juvenile literature 
700 0 |a Sulaiman Zakaria 
999 |a 051763   |b BUKU   |c MALAYSIANA   |e PERPUSTAKAAN KOMUNITI PETALING JAYA 
999 |a 051764   |b BUKU   |c MALAYSIANA   |e PERPUSTAKAAN KOMUNITI PETALING JAYA 
999 |a 051765   |b BUKU   |c PINJAMAN   |e PERPUSTAKAAN KOMUNITI PETALING JAYA 
999 |a 053847   |b BUKU   |c PINJAMAN   |e PERPUSTAKAAN KOMUNITI CAW KOTA DAMANSARA 
999 |a 053848   |b BUKU   |c PINJAMAN   |e PERPUSTAKAAN KOMUNITI PETALING JAYA